| 000 | 00635nam a2200181 a 4500 | ||
|---|---|---|---|
| 005 | 20240924065326.0 | ||
| 008 | 991125s1982 mx 000 0 spa u | ||
| 035 | _aUPN01000000813 | ||
| 049 | _aF | ||
| 050 | 4 |
_aLE7.2913 U265 _bD412 no.148 |
|
| 100 | 1 |
_aArizmendi Rodríguez, Roberto, _d1945- _931482 |
|
| 245 | 1 | 3 |
_aLa administración de la educación superior / _cRoberto Arizmendi Rodríguez. |
| 260 |
_aMéxico : _bUNAM, Centro de Estudios sobre la Universidad, _c1982. |
||
| 300 | _a24 p. | ||
| 440 | 0 |
_aDeslinde. _pCuadernos de cultura política universitaria ; _v148 |
|
| 650 | 4 |
_aEducación superior _zMéxico _94968 |
|
| 905 | _aLibro | ||
| 999 |
_c813 _d813 |
||